Premier League goalscorers 2015/16 - Statistics

General Stats
  • This quiz has been taken 642 times
  • The average score is 72 of 265
Answer Stats
Hint Answer % Correct
Tottenham, 25 Harry Kane
99%
Leicester, 24 Jamie Vardy
99%
Man. City, 24 Sergio Agüero
97%
Leicester, 17 Riyad Mahrez
92%
Everton, 18 Romelu Lukaku
90%
Arsenal, 16 Olivier Giroud
85%
Arsenal, 13 Alexis Sánchez
82%
Chelsea, 12 Diego Costa
82%
Man. Utd, 8 Wayne Rooney
81%
Sunderland, 15 Jermain Defoe
79%
Watford, 13 Troy Deeney
79%
Chelsea, 4 Eden Hazard
71%
Arsenal, 6 Mesut Özil
68%
Man. Utd, 11 Anthony Martial
64%
Liverpool, 10 Roberto Firmino
63%
Southampton, 11 Sadio Mané
62%
Liverpool, 9 Christian Benteke
60%
Tottenham, 10 Dele Alli
60%
Liverpool, 8 Daniel Sturridge
59%
Watford, 15 Odion Ighalo
59%
Man. Utd, 5 Marcus Rashford
58%
Liverpool, 8 Philippe Coutinho
58%
Man. City, 6 Raheem Sterling
58%
Man. City, 2 David Silva
54%
Chelsea, 1 John Terry
54%
West Ham, 9 Andy Carroll
53%
Arsenal, 5 Theo Walcott
53%
Tottenham, 1 Thomas Carroll
53%
West Ham, 9 Dimitri Payet
52%
Man. City, 7 Kevin De Bruyne
52%
Chelsea, 5 Willian
52%
Man. City, 6 Yaya Touré
52%
Southampton, 11 Graziano Pelle
50%
Man. Utd, 6 Juan Mata
50%
Leicester, 1 N´Golo Kanté
50%
Swansea, 2 Sung-Yueng Ki
50%
Leicester, 2 Wes Morgan
50%
Leicester, 3 Daniel Drinkwater
49%
Swansea, 11 Gylfi Sigurdsson
49%
Liverpool, 2 Jordan Henderson
49%
Liverpool, 4 Adam Lallana
48%
Tottenham, 6 Christian Eriksen
48%
Chelsea, 2 Gary Cahill
48%
Swansea, 12 André Ayew
47%
Tottenham, 4 Heung-Min Son
47%
Liverpool, 5 James Milner
47%
Liverpool, 1 Kolo Touré
47%
Leicester, 3 Robert Huth
47%
Aston Villa, 7 Jordan Ayew
46%
Southampton, 10 Shane Long
46%
Man. City, 4 Wilfried Bony
46%
Arsenal, 5 Aaron Ramsey
44%
Crystal Palace, 2 Wilfried Zaha
44%
Leicester, 2 Andy King
43%
Newcastle, 11 Georginio Wijnaldum
43%
West Bromwich, 9 José Salomon Rondon
43%
Bournemouth, 6 Joshua King
43%
Man. City, 2 Vincent Kompany
43%
Stoke, 11 Marko Arnautovic
42%
Bournemouth, 5 Callum Wilson
41%
Everton, 2 Leighton Baines
41%
Everton, 8 Ross Barkley
41%
Leicester, 5 Shinji Okazaki
41%
Chelsea, 5 Cesc Fabregas
40%
Arsenal, 4 Danny Welbeck
40%
West Ham, 5 Diafra Sakho
40%
Tottenham, 1 Kyle Walker
40%
Liverpool, 1 Mamadou Sakho
40%
Chelsea, 7 Pedro Rodriguez
40%
Sunderland, 1 Billy Jones
39%
Leicester, 6 Jose Leonardo Ulloa
39%
Leicester, 2 Marc Albrighton
39%
West Ham, 7 Mark Noble
39%
Chelsea, 3 Oscar
39%
Stoke, 3 Xherdan Shaqiri
39%
Newcastle, 9 Aleksandar Mitrovic
38%
Tottenham, 1 Danny Rose
37%
West Ham, 4 Enner Valencia
37%
Tottenham, 5 Erik Lamela
37%
Swansea, 6 Bafétimbi Gomis
36%
Tottenham, 3 Eric Dier
36%
West Ham, 8 Michail Antonio
36%
Chelsea, 2 Nemanja Matic
36%
Arsenal, 1 Alex Oxlade-Chamberlain
35%
Southampton, 7 Dusan Tadic
34%
Chelsea, 2 Branislav Ivanovic
33%
Liverpool, 5 Divock Origi
33%
Arsenal, 1 Hector Bellerin
33%
Man. Utd, 3 Ander Herrera
32%
Newcastle, 6 Ayoze Perez
32%
Man. City, 2 Fernandinho
32%
Arsenal, 4 Laurent Koscielny
32%
Everton, 1 Seamus Coleman
32%
Liverpool, 1 Nathaniel Clyne
31%
Man. City, 8 Kelechi Iheanacho
29%
Man. City, 3 Aleksandar Kolarov
28%
Man. Utd, 1 Ashley Young
28%
Liverpool, 2 Danny Ings
28%
Man. City, 1 Nicolas Otamendi
28%
Crystal Palace, 5 Yohan Cabaye
28%
Bournemouth, 2 Adam Smith
27%
Stoke, 7 Bojan Krkic
27%
Stoke, 1 Charlie Adam
27%
Southampton, 1 Charlie Austin
27%
Man. Utd, 4 Jesse Lingard
27%
Everton, 4 Kevin Mirallas
27%
Man. Utd, 1 Marouane Fellaini
27%
West Bromwich, 4 Saido Berahino
27%
Tottenham, 4 Toby Alderweireld
27%
Crystal Palace, 5 Yannick Bolasie
27%
Sunderland, 2 Adam Johnson
26%
Chelsea, 2 Cesar Azpilicueta
26%
Crystal Palace, 2 Joel Ward
26%
Stoke, 5 Jonathan Walters
26%
Norwich, 6 Nathan Redmond
26%
Liverpool, 1 Alberto Moreno
25%
Liverpool, 1 Emre Can
25%
Newcastle, 1 Jonjo Shelvey
25%
Newcastle, 3 Papiss Cisse
25%
Crystal Palace, 5 Scott Dann
25%
Man. City, 2 Fernando
24%
Newcastle, 1 Moussa Sissoko
24%
Everton, 5 Arouna Kone
23%
Swansea, 2 Ashley Williams
23%
Liverpool, 2 Joe Allen
23%
Sunderland, 2 Lamine Kone
23%
Chelsea, 1 Loic Rémy
23%
West Ham, 6 Manuel Lanzini
23%
Liverpool, 1 Martin Skrtel
23%
Man. Utd, 2 Memphis Depay
23%
West Bromwich, 1 Rickie Lambert
23%
Southampton, 3 Virgil van Dijk
23%
West Ham, 1 Winston Reid
23%
Newcastle, 4 Andros Townsend
22%
West Bromwich, 1 Darren Fletcher
22%
Sunderland, 4 Steven Fletcher
22%
Man. Utd, 1 Daley Blind
21%
Crystal Palace, 3 Dwight Gayle
21%
Southampton, 2 James Ward-Prowse
21%
Stoke, 5 Mame Biram Diouf
21%
Bournemouth, 4 Matt Ritchie
21%
Tottenham, 3 Moussa Dembélé
21%
Man. City, 2 Samir Nasri
21%
Southampton, 5 Steven Davis
21%
West Ham, 2 Aaron Cresswell
20%
Arsenal, 1 Kieran Gibbs
20%
Chelsea, 1 Kurt Zouma
20%
Norwich, 4 Steven Naismith
20%
Crystal Palace, 5 Connor Wickham
19%
Southampton, 2 Jose Miguel Fonte
19%
Chelsea, 1 Radamel Falcao
19%
Norwich, 3 Russell Martin
19%
Arsenal, 2 Alex Iwobi
18%
Man. Utd, 1 Bastian Schweinsteiger
18%
Norwich, 3 Cameron Jerome
18%
Bournemouth, 3 Charlie Daniels
18%
Sunderland, 5 Fabio Borini
18%
Aston Villa, 2 Joleon Lescott
18%
Man. Utd, 1 Matteo Darmian
18%
Tottenham, 3 Nacer Chadli
18%
Bournemouth, 4 Steve Cook
18%
Southampton, 1 Victor Wanyama
18%
Everton, 5 Aaron Lennon
17%
West Bromwich, 1 Jonny Evans
17%
Man. Utd, 1 Morgan Schneiderlin
17%
Bournemouth, 4 Benik Afobe
16%
Aston Villa, 1 Jack Grealish
16%
Leicester, 1 Nathan Dyer
16%
Norwich, 4 Wesley Hoolahan
16%
Crystal Palace, 2 Damien Delaney
15%
Aston Villa, 1 Gabriel Agbonlahor
15%
Crystal Palace, 2 James McArthur
15%
Everton, 2 James McCarthy
15%
Leicester, 1 Jeffrey Schlupp
15%
Aston Villa, 1 Micah Richards
15%
Chelsea, 2 Ramires
15%
Aston Villa, 5 Rudy Gestede
15%
Southampton, 1 Ryan Bertrand
15%
West Ham, 1 Victor Moses
15%
Norwich, 7 Dieumerci Mbokani
14%
Man. City, 2 Fabian Delph
14%
Everton, 2 Gerard Deulofeu
14%
Crystal Palace, 2 Jason Puncheon
14%
West Bromwich, 1 Jonas Olsson
14%
Liverpool, 1 Jordan Ibe
14%
Norwich, 1 Martin Olsson
14%
West Ham, 5 Cheikhou Kouyate
13%
West Bromwich, 4 Craig Dawson
13%
Arsenal, 1 Gabriel Paulista
13%
Bournemouth, 1 Harry Arter
13%
West Bromwich, 3 James Morrison
13%
Watford, 1 Nathan Aké
13%
Sunderland, 4 Patrick van Aanholt
13%
Swansea, 2 Wayne Routledge
13%
Newcastle, 2 Daryl Janmaat
12%
West Bromwich, 1 Gareth McAuley
12%
Arsenal, 3 Joel Campbell
12%
Bournemouth, 3 Junior Stanislas
12%
Norwich, 3 Robert Brady
12%
Everton, 2 Tom Cleverley
12%
Crystal Palace, 2 Bakary Sako
11%
Chelsea, 2 Bertrand Traore
11%
Crystal Palace, 1 Emmanuel Adebayor
11%
West Bromwich, 2 James McClean
11%
Tottenham, 1 Kieran Trippier
11%
Aston Villa, 2 Scott Sinclair
11%
Man. Utd, 1 Adnan Januzaj
9%
Aston Villa, 1 Ciaran Clark
9%
West Bromwich, 3 Craig Gardner
9%
Newcastle, 1 Fabricio Coloccini
9%
Newcastle, 1 Jack Colback
9%
Crystal Palace, 1 Joe Ledley
9%
Everton, 4 Ramino Funes Mori
9%
Swansea, 1 Federico Fernandez
8%
Bournemouth, 3 Glenn Murray
8%
Chelsea, 1 Kenedy
8%
Chelsea, 1 Ruben Loftus-Cheek
8%
Norwich, 1 Sébastien Bassong
8%
Norwich, 2 Alexander Tettey
7%
Chelsea, 1 Alexandre Pato
7%
Watford, 2 Ben Watson
7%
Aston Villa, 2 Carles Gil
7%
Bournemouth, 3 Dan Gosling
7%
Sunderland, 1 Jack Rodwell
7%
Bournemouth, 1 Max-Alain Gradel
7%
Newcastle, 1 Paul Dummett
7%
Leicester, 1 Richie De Laet
7%
Aston Villa, 2 Ashley Westwood
6%
Stoke, 2 Giannelli Imbula
6%
Stoke, 2 Ibrahim Afellay
6%
Swansea, 1 Jack Cork
6%
Sunderland, 3 Jeremain Lens
6%
Stoke, 4 Joselu
6%
Southampton, 1 Oriol Romeu
6%
Tottenham, 1 Ryan Mason
6%
Sunderland, 2 Wahbi Khazri
6%
West Ham, 2 Carl Jenkinson
5%
Watford, 1 Craig Cathcart
5%
Sunderland, 3 Duncan Watmore
5%
Norwich, 3 Jonathan Howson
5%
Watford, 1 Jose Holebas
5%
Bournemouth, 3 Marc Pugh
5%
West Ham, 3 Mauro Zarate
5%
Southampton, 1 Maya Yoshida
5%
Watford, 2 Sebastian Prödl
5%
Newcastle, 1 Vurnon Anita
5%
Southampton, 1 Cuco Martina
4%
Newcastle, 2 Jamaal Lascelles
4%
Aston Villa, 1 Leandro Bacuna
4%
Bournemouth, 1 Lewis Grabban
4%
Norwich, 1 Matt Jarvis
4%
Swansea, 1 Modou Barrow
4%
West Ham, 1 Nikica Jelavic
4%
West Bromwich, 2 Stephane Sessegnon
4%
Bournemouth, 1 Tommy Elphick
4%
Watford, 2 Almen Abdi
3%
Crystal Palace, 1 Chung-Yong Lee
3%
Newcastle, 1 Rolando Aarons
3%
Norwich, 1 Steven Whittaker
3%
Norwich, 1 Timm Klose
3%
Swansea, 2 Alberto Paloschi
2%
Sunderland, 1 Yann M´Vila
2%
Sunderland, 1 Dame N´Doye
1%
West Ham, 1 Modibo Maiga
1%
Watford, 1 Miguel Layun
0%
No matching quizzes found
Score Distribution
Percent of People with Each Score
Percentile by Number Answered
Your Score History
You have not taken this quiz